| 000 | 01130cam a2200205 4500 | ||
|---|---|---|---|
| 001 | ABS63636 | ||
| 008 | 000000n2001 000 0 eng u | ||
| 035 | _a(Sirsi) u111603 | ||
| 100 | _aBarnes, R. | ||
| 245 | _aNot entirely acceptable | ||
| 260 | _c2001 | ||
| 490 |
_aBuilding _v265(11) 16 March 2001, 61(1) |
||
| 520 | _aLooks at "entire agreement clauses" that are increasingly appearing in non-standard consultants' terms of appointment. Suggests their purpose is to reduce the scope for disagreement over matters not recorded in the agreement. Considers why they are becoming more common, and highlights two possible effects. Firstly, observes that the clauses could exclude terms that might be implied into the contract. Secondly, that they could remove legal remedies if representations made by one party to the other turn out to be untrue. Warns consultants to read these clauses carefully before signing an agreement. | ||
| 590 | _aABS | ||
| 650 | _aENTIRE AGREEMENT CLAUSE | ||
| 650 | _aTERMS OF APPOINTMENT | ||
| 650 | _aCONSULTANTS | ||
| 690 | _aBUILT ENVIRONMENT-BUILDING CONTRACT FORMS | ||
| 942 | _n0 | ||
| 999 |
_c66496 _d66496 |
||